000 00616aas a2200181 4500
999 _c50098
_d50098
001 768714001
003 CO-MdFUSB
005 20170912120731.0
008 170912s2002 ag ||||| |||| 00| 0 spa d
022 _a0326-6737
040 _aCO-MdFUSB
_bspa
_cCO-MdFUSB
_dCO-MdFUSB
041 _aspa
100 1 _aDe Vita, Andrea Paula
_eautor
245 1 0 _aIslam :
_breligión y política, problemas y cuestiones en juego
_c/ De Vita, Andrea Paula
300 _aVolumen 21 (2002), páginas 213-228
_c: 23 cm.
773 0 _tCuadernos de Teología
_049404
_959700
_gVolumen 21 (2002), páginas 213-228
_qPágina 213
942 _cANA